Building surveyors weekend briefing Christchurch, Oxford 27-29 March 1987 (Record no. 91213)

MARC details
000 -LEADER
fixed length control field 01217cam a2200337 4500
001 - CONTROL NUMBER
control field B1168
008 - FIXED-LENGTH DATA ELEMENTS--GENERAL INFORMATION
fixed length control field 090401t1987 xxu||||| |||| 00| 0 eng d
035 ## - SYSTEM CONTROL NUMBER
System control number (Sirsi) u42948
041 ## - LANGUAGE CODE
Language code of text/sound track or separate title eng
050 ## - LIBRARY OF CONGRESS CALL NUMBER
Classification number 690.2
090 ## - LOCALLY ASSIGNED LC-TYPE CALL NUMBER (OCLC); LOCAL CALL NUMBER (RLIN)
Classification number (OCLC) (R) ; Classification number, CALL (RLIN) (NR) RICS 1987/38AC
110 ## - MAIN ENTRY--CORPORATE NAME
Corporate name or jurisdiction name as entry element Royal Institution of Chartered Surveyors
9 (RLIN) 4900
245 ## - TITLE STATEMENT
Title Building surveyors weekend briefing Christchurch, Oxford 27-29 March 1987
260 ## - PUBLICATION, DISTRIBUTION, ETC.
Date of publication, distribution, etc. 1987
300 ## - PHYSICAL DESCRIPTION
Extent 6 papers
350 ## - PRICE (NR) (BK AM CF MU VM SE) [OBSOLETE]
Price 0
520 ## - SUMMARY, ETC.
Summary, etc. Building Surveyors Division. Papers by: Anstey,J.S.C.K. , Baldwin,J. , Couttie,D.J. , Dyson,J.M. , Weatherhead,M.J. and Williams,A.M. . Rights to light; sick buildings syndrome ; the building society role in housing ; the PRC house problem; the future of building skills; the fate of the mills, north and south (Case studies of Leicester and Tower Hamlets LBC).
650 ## - SUBJECT ADDED ENTRY--TOPICAL TERM
Topical term or geographic name entry element BUILDING INDUSTRY
650 ## - SUBJECT ADDED ENTRY--TOPICAL TERM
Topical term or geographic name entry element BUILDING SOCIETIES
650 ## - SUBJECT ADDED ENTRY--TOPICAL TERM
Topical term or geographic name entry element HOUSING DEFECTS ACT 1984
650 ## - SUBJECT ADDED ENTRY--TOPICAL TERM
Topical term or geographic name entry element INDUSTRIAL BUILDINGS
650 ## - SUBJECT ADDED ENTRY--TOPICAL TERM
Topical term or geographic name entry element LABOUR SHORTAGE
650 ## - SUBJECT ADDED ENTRY--TOPICAL TERM
Topical term or geographic name entry element PRC HOUSES
650 ## - SUBJECT ADDED ENTRY--TOPICAL TERM
Topical term or geographic name entry element PREFABRICATION
650 ## - SUBJECT ADDED ENTRY--TOPICAL TERM
Topical term or geographic name entry element RE-USE
650 ## - SUBJECT ADDED ENTRY--TOPICAL TERM
Topical term or geographic name entry element REDUNDANT
650 ## - SUBJECT ADDED ENTRY--TOPICAL TERM
Topical term or geographic name entry element RIGHTS TO LIGHT
650 ## - SUBJECT ADDED ENTRY--TOPICAL TERM
Topical term or geographic name entry element SYSTEM-BUILT
942 ## - ADDED ENTRY ELEMENTS (KOHA)
Suppress in OPAC 0
948 ## - LOCAL PROCESSING INFORMATION (OCLC); SERIES PART DESIGNATOR (RLIN)
c (OCLC) 04/03/1997
Holdings
Withdrawn status Lost status Source of classification or shelving scheme Damaged status Not for loan Home library Current library Shelving location Date acquired Total Checkouts Full call number Barcode Date last seen Date last checked out Copy number Price effective from Koha item type
    Dewey Decimal Classification     Historic collection Historic collection RICS Boxes 14/09/1999   RICS 1987/38 30078043 06/08/2019   1 06/08/2019 Archive
    Dewey Decimal Classification     London London RICS Boxes 14/08/1991 1 RICS 1987/38 30020906 06/08/2019 06/06/2000 1 06/08/2019 Book
    Dewey Decimal Classification     London London RICS Boxes 14/08/1991   RICS 1987/38 30020917 06/08/2019   2 06/08/2019 Book
    Dewey Decimal Classification     London London RICS Boxes 14/08/1991   RICS 1987/38 30020921 06/08/2019   3 06/08/2019 Book
    Dewey Decimal Classification     London London RICS Boxes 14/08/1991   RICS 1987/38 30020922 06/08/2019   4 06/08/2019 Book
    Dewey Decimal Classification     London London RICS Boxes 14/08/1991   RICS 1987/38 30020925 06/08/2019   5 06/08/2019 Book
    Dewey Decimal Classification     London London RICS Boxes 14/08/1991   RICS 1987/38 30020926 06/08/2019   6 06/08/2019 Book